000 00453nab a2200145Ia 4500
003 ES-SlBCS
005 20210601132852.0
008 140529s1964 xxu||||| |||| 00| 0 ita d
041 _aita
100 1 _aCotta, Sergio
_963076
245 0 0 _aTeoria religiosa e teoria politica in Rousseau
_c Sergio Cotta
600 1 4 _aRousseau-Teoría Religiosa
_9199670
773 0 _tGiornali di Metafisica
_gvol. 19, nº. 1-2, 1964, págs. 1-21
_w0017-0372
942 _cAR
999 _c586940
_d586940